banner-ar

دراسات فى التطور العمرانى لمدينة القاهرة : (Record no. 61179)

MARC details
000 -الفاتح
حقل البيانات ثابتة الطول 00945nam a2200217 4500
005 - وقت وتاريخ اخر تعامل مع التسجيلة
رقم الضبط 20240530110447.0
008 - عناصر البيانات ثابتة الطول - معلومات عامة
حقل البيانات ثابتة الطول 150429s2009 ua co f 000 0 ara d
017 ## - رقم الايداع القانونى
رقم الايداع القانونى 2009/14872
المصدر ( الهيئة المختصة) مصر . دار الكتب المصرية
020 ## - الرقم الدولى المعيارى للكتب
الرقم الدولى المعيارى للكتاب 9789774209660
040 ## - مصدر الفهرسة
وكالة الفهرسة الأصلية EG-CaGPL
082 04 - رقم تصنيف ديوى العشرى
رقم الطبعة 21
رقم التصنيف 916.216
رقم المادة ق/ف د
100 0# - المدخل الرئيسى - إسم شخصى
الإسم الشخصى فتحى حافظ الحديدى
245 10 - بيان العنوان
العنوان دراسات فى التطور العمرانى لمدينة القاهرة :
بقية العنوان 1 - الميادين : 2 - كبارى نيل القاهرة : 3 - جيرة الزمالك /
بيان المسئوليه,etc فتحى حافظ الحديدى
260 ## - PUBLICATION, DISTRIBUTION, ETC. (IMPRINT)
تاريخ النشر أو التوزيع 2009 .
300 ## - الوصف المادى
التعداد 290 ص :
تفاصيل ماديه اخرى للوعاء صور ؛
أبعاد الوعاء 24 سم
651 04 - المدخل الاضافى بالموضوع - اسم جغرافى
الاسم الجغرافي القاهرة
651 04 - المدخل الاضافى بالموضوع - اسم جغرافى
الاسم الجغرافي القاهرة
التقسيم الفرعي العام الكبارى و الجسور
651 04 - المدخل الاضافى بالموضوع - اسم جغرافى
الاسم الجغرافي القاهرة
التقسيم الفرعي العام احياء و ضواحى
942 ## - عناصر المدخل الإضافي( كوها)
مصدر التصنيف او مخطط الترفيف Dewey Decimal Classification
Koha [default] item type كتاب
260 ## - PUBLICATION, DISTRIBUTION, ETC. (IMPRINT)
-- القاهرة :
-- الهيئة المصرية العامة للكتاب ،
Holdings
حالة التراجع حالة الفقد حالة تلف ليس للاعارة المكان المؤقت الموقع الحالى تاريخ الاكتساب اجمالي اﻻعارات رقم الطلب الباركود تاريخ اخر مشاهدة تاريخ تفعيل السعر نوع وعاء كوها
        مكتبة القاهرة الكبرى مكتبة القاهرة الكبرى 04/29/2015   916.216 ق/ف د 160405 04/29/2015 04/29/2015 كتاب

Powered By

EGPV